00651 2200217 4500001002100000008004100021035002000062245009100082100001900173260004200192300002800234020002200262084001600284520004500300520001500345520001700360082001000377650002200387990001200409990001200421INLIS000000000016089 ind  a0010-0423000106 aSi Genius Sains 1: Menjelajah Ke Luar AngkasacShin Tae Hoon;Penyunting, Novalya Putri aSHIN, Tae Hoon aJakarta :bBhuana ilmu Populer,c2018 a187 hlm.: ilus.c25 cm. a978-602-455-539-9 a741.5 SHI s aJudul asli:Don't Give Up On Science! # 1 aPenerjemah aTim Tulislah a741.5 aKOMIK. PENDIDIKAN a10918 a a10918 b